| 000 | 01436cam a2200313 i 4500 | ||
|---|---|---|---|
| 999 |
_c20857 _d20857 |
||
| 001 | vtls001094431 | ||
| 003 | NUKAT | ||
| 005 | 20211117141220.0 | ||
| 008 | 080407s2008 pl a f u |000 0 pol c | ||
| 020 | _a9788325146214 | ||
| 035 | _axx001094431 | ||
| 039 | 9 |
_a201406121019 _bvplo _c201312200118 _dVLOAD _c201312190139 _dVLOAD _c200909170131 _dVLOAD |
|
| 040 |
_aKIEL 008/JK _cKIEL 008/JK _dKIEL 008/ND |
||
| 041 | 1 |
_apol _heng |
|
| 245 | 0 | 0 |
_aSieci kablowe służące do rozprowadzania sygnałów: telewizyjnych, radiofonicznych i usług interaktywnych - Część 2: Kompatybilność elektromagnetyczna urządzeń PN-EN 50083-2:2008P / _cPolski Komitet Normalizacyjny. |
| 246 | 3 | 0 | _aPN-EN 50083-2 |
| 246 | 1 | 3 | _aCable networks for television signals, sound signals and interactive services - Part 2: Electromagnetic compatibility for equipment |
| 246 | 3 | 0 | _aKompatybilność elektromagnetyczna urządzeń |
| 260 |
_aWarszawa : _bPolski Komitet Normalizacyjny, _c2008. |
||
| 300 |
_a48 s. : _bil. ; _c30 cm. |
||
| 336 |
_2rdacontent _aTekst _btxt |
||
| 337 |
_2rdamedia _aBez urządzenia pośredniczącego _bn |
||
| 338 |
_2rdacarrier _aWolumin _bnc |
||
| 500 | _aZawiera tab. | ||
| 500 | _aICS 33.060.40; 33.100.01. | ||
| 590 | _aWprowadza EN 50083-2:2006, IDT; Zastępuje PN-EN 50083-2:2006; Zatwierdzona 28 stycznia 2008 r. | ||
| 590 | _aNorma wycofana ; Zastąpiona przez PN-EN 50083-2:2012 wersja angielska, PN-EN 50083-2:2012 wersja polska. | ||
| 951 | _aKIEL_008 | ||
| 710 | 1 |
_aPolska. _bPolski Komitet Normalizacyjny. _91107 |
|
| 710 | 1 |
_aPolska. _bPolski Komitet Normalizacyjny. _bWydział Wydawnictw Normalizacyjnych. _4pbl _91108 |
|
| 920 | _a978-83-251-4621-4 | ||
| 942 |
_2ddc _cBK |
||